[Event "2. Bundesliga Ost 2007/2008"]
[Site "?"]
[Date "2008.03.16"]
[Round "11.1"]
[White "Petran, Peter"]
[Black "Georgiev, Kiril"]
[Result "0-1"]
[WhiteElo "2360"]
[BlackElo "2649"]
[PlyCount "94"]
[EventDate "2007.10.20"]

1. c4 Nf6 2. Nc3 e5 3. Nf3 Nc6 4. g3 d5 5. cxd5 Nxd5 6. Bg2 Nb6 7. O-O Be7 8.
d3 O-O 9. Be3 Bg4 10. h3 Bh5 11. Ne4 f5 12. Neg5 Qd7 13. Rc1 Kh8 14. Qb3 Bd6
15. Ne6 Rfe8 16. Nc5 Qc8 17. Ng5 Nd8 18. Rfe1 h6 19. Nf3 Bf7 20. Qc2 Nd5 21.
Bd2 b6 22. Na4 e4 23. Nd4 Qd7 24. Nxf5 Nb4 25. Bxb4 Bxb4 26. Bxe4 Bxe1 27. Bxa8
Bxf2+ 28. Kxf2 Qxf5+ 29. Bf3 Ne6 30. e4 Qf6 31. Kg2 Nd4 32. Qf2 Rf8 33. Bg4
Qxf2+ 34. Kxf2 c5 35. Ke3 Bxa2 36. Nc3 Be6 37. Bxe6 Rf3+ 38. Kd2 Nxe6 39. Ne2
Kg8 40. h4 Kf7 41. h5 Ke7 42. Rh1 Ng5 43. Rg1 Kd6 44. Rg2 Ke5 45. g4 Ne6 46.
Ng1 Rxd3+ 47. Kxd3 Nf4+ 0-1

[Event "2. Bundesliga Ost 2007/2008"]
[Site "?"]
[Date "2008.03.16"]
[Round "11.1"]
[White "Mihok, Oliver"]
[Black "Salamon, Werner"]
[Result "1/2-1/2"]
[WhiteElo "2371"]
[BlackElo "2147"]
[PlyCount "83"]
[EventDate "2007.10.20"]

1. e4 e5 2. Nf3 Nc6 3. Bb5 d6 4. d4 Bd7 5. Nc3 Nf6 6. O-O Be7 7. Bxc6 Bxc6 8.
Re1 exd4 9. Nxd4 O-O 10. Nf5 Bd7 11. Qf3 Bxf5 12. exf5 c6 13. Bg5 h6 14. Bh4
Re8 15. Re2 Qd7 16. Rae1 Kf8 17. b3 Ng8 18. Bxe7+ Rxe7 19. Rxe7 Nxe7 20. f6
gxf6 21. Qxf6 Ng8 22. Qd4 d5 23. Kf1 Qd6 24. g3 b6 25. Nd1 Re8 26. Rxe8+ Kxe8
27. Ne3 Ne7 28. c4 Qe6 29. cxd5 cxd5 30. Kg1 Qe4 31. Qxe4 dxe4 32. Ng4 Ng8 33.
Kf1 Ke7 34. Ke2 Ke6 35. Kd2 f5 36. Ne3 Nf6 37. Kc3 Ke5 38. Nc4+ Kd5 39. h3 Nd7
40. Ne3+ Ke5 41. Nc4+ Kd5 42. Ne3+ 1/2-1/2

[Event "2. Bundesliga Ost 2007/2008"]
[Site "?"]
[Date "2008.03.16"]
[Round "11.1"]
[White "Wutzlhofer, Robert"]
[Black "Kummer, Helmut"]
[Result "0-1"]
[WhiteElo "2063"]
[BlackElo "2373"]
[PlyCount "128"]
[EventDate "2007.10.20"]

1. d4 Nf6 2. c4 e5 3. dxe5 Ng4 4. Nf3 Bc5 5. e3 Nc6 6. Be2 O-O 7. O-O Re8 8. b3
Ncxe5 9. Bb2 d6 10. Bd4 Bxd4 11. exd4 Ng6 12. Re1 Bf5 13. Nc3 c6 14. Qd2 Nf6
15. Qg5 Qd7 16. Nd2 h6 17. Qg3 Re7 18. Bf3 Rae8 19. Rxe7 Qxe7 20. h4 h5 21. Qg5
Bg4 22. Bxg4 hxg4 23. h5 Nf8 24. h6 g6 25. a4 Qe6 26. Nf1 N8h7 27. Qa5 a6 28.
Ng3 d5 29. cxd5 cxd5 30. Nce2 Ng5 31. Qc7 Qe7 32. Qf4 Ne6 33. Qe3 Rc8 34. Nf4
Qd6 35. Nxe6 Qxe6 36. Qf4 Kh7 37. Rc1 Rxc1+ 38. Qxc1 Ng8 39. Qc7 b6 40. Nf1
Kxh6 41. Ne3 Nf6 42. Qf4+ Kg7 43. b4 Qe4 44. Qe5 g3 45. fxg3 b5 46. axb5 axb5
47. g4 Kf8 48. Qxf6 Qxe3+ 49. Kh2 Qe6 50. Qd8+ Kg7 51. Qc7 Qxg4 52. Qe5+ Kf8
53. Qxd5 Qh4+ 54. Kg1 Qe1+ 55. Kh2 Qxb4 56. Qa8+ Kg7 57. Qd5 Qe1 58. Qc5 b4 59.
d5 Qe5+ 60. g3 b3 61. Qb5 b2 62. Qb3 Qe2+ 63. Kh3 Qf1+ 64. Kg4 Qf5+ 0-1

[Event "2. Bundesliga Ost 2007/2008"]
[Site "?"]
[Date "2008.03.16"]
[Round "11.2"]
[White "Beckhuis, Gernod"]
[Black "Polak, Thomas"]
[Result "1/2-1/2"]
[WhiteElo "2350"]
[BlackElo "2540"]
[PlyCount "50"]
[EventDate "2007.10.20"]

1. d4 Nf6 2. c4 e6 3. g3 c5 4. d5 exd5 5. cxd5 d6 6. Nc3 g6 7. Bg2 Bg7 8. Nf3
O-O 9. O-O a6 10. a4 Re8 11. Bf4 Nh5 12. Bg5 Qb6 13. Qc1 Nd7 14. a5 Qc7 15. g4
Nhf6 16. Qf4 h5 17. h3 hxg4 18. hxg4 Nh7 19. Bh6 Bh8 20. Ne4 Ne5 21. Nh2 Qe7
22. Qg3 Nf6 23. Nxf6+ Bxf6 24. Ra4 c4 25. f4 Bd7 1/2-1/2

[Event "2. Bundesliga Ost 2007/2008"]
[Site "?"]
[Date "2008.03.16"]
[Round "11.2"]
[White "Chytilek, Roman"]
[Black "Hangweyrer, Manfred"]
[Result "1-0"]
[WhiteElo "2384"]
[BlackElo "2382"]
[PlyCount "51"]
[EventDate "2007.10.20"]

1. d4 Nf6 2. c4 d6 3. Nf3 g6 4. Nc3 Bg7 5. e4 O-O 6. h3 e5 7. d5 c5 8. Bg5 h6
9. Be3 b5 10. cxb5 a6 11. a4 Qa5 12. Nd2 axb5 13. Bxb5 Na6 14. O-O Nb4 15. Nc4
Qd8 16. f4 exf4 17. Bxf4 Nh5 18. Bxd6 Bd4+ 19. Kh2 Ra7 20. Bxf8 Kxf8 21. Qf3
Qg5 22. Ne2 Bg7 23. Rad1 Nc2 24. Kh1 Nd4 25. Rxd4 cxd4 26. Nd6 1-0

[Event "2. Bundesliga Ost 2007/2008"]
[Site "?"]
[Date "2008.03.16"]
[Round "11.2"]
[White "Staudner, Oliver"]
[Black "Groetz, Harald"]
[Result "1-0"]
[WhiteElo "2404"]
[BlackElo "2321"]
[PlyCount "111"]
[EventDate "2007.10.20"]

1. e4 c5 2. c3 Nf6 3. e5 Nd5 4. Nf3 e6 5. d4 cxd4 6. cxd4 d6 7. Bc4 Nb6 8. Bb3
Nc6 9. Qe2 dxe5 10. dxe5 Nb4 11. Bg5 Qd3 12. Nc3 Bd7 13. a3 Qxe2+ 14. Kxe2 Na6
15. Nd4 h6 16. Be3 Be7 17. Rac1 O-O 18. Rc2 Rfc8 19. Rhc1 Nc5 20. Ba2 a6 21. f4
Bf8 22. g4 Nba4 23. b4 Nxc3+ 24. Rxc3 Na4 25. Rc7 a5 26. Bb3 axb4 27. Rxd7 Rxc1
28. Bxc1 Nc5 29. Rc7 bxa3 30. Ba2 b6 31. Bd2 Rd8 32. Nc2 b5 33. Ra7 Ne4 34. Be1
Bc5 35. Rb7 Rc8 36. Bb3 Bf8 37. Rxb5 Rc3 38. Rb8 Rh3 39. Bb4 Rxb3 40. Rxf8+ Kh7
41. Bxa3 Rc3 42. Kd1 Nf2+ 43. Kd2 Ne4+ 44. Kc1 Nf2 45. Rxf7 Nxg4 46. Kb2 Rf3
47. Bd6 Kg6 48. Rf8 Nf2 49. Nd4 Rxf4 50. Nxe6 Rf7 51. Kc3 Rxf8 52. Nxf8+ Kf7
53. Kd4 g5 54. e6+ Ke8 55. Nh7 Ng4 56. h3 1-0

[Event "2. Bundesliga Ost 2007/2008"]
[Site "?"]
[Date "2008.03.16"]
[Round "11.2"]
[White "Schmid, Thomas"]
[Black "Plachetka, Jan"]
[Result "1/2-1/2"]
[WhiteElo "2181"]
[BlackElo "2398"]
[PlyCount "68"]
[EventDate "2007.10.20"]

1. e4 e5 2. Nf3 Nc6 3. Bb5 a6 4. Ba4 Nf6 5. O-O Be7 6. Re1 b5 7. Bb3 d6 8. c3
O-O 9. h3 Na5 10. Bc2 d5 11. d3 dxe4 12. dxe4 Qxd1 13. Rxd1 Bd6 14. Nbd2 Bb7
15. b4 Nc6 16. a4 Nd8 17. axb5 axb5 18. Rxa8 Bxa8 19. Re1 Ne6 20. Bd3 Rb8 21.
Nb3 Nd7 22. Be3 c5 23. bxc5 Bxc5 24. Nxc5 Ndxc5 25. Bb1 Nxe4 26. Bxe4 Bxe4 27.
Ba7 Ra8 28. Rxe4 Rxa7 29. Rxe5 Rc7 30. Rxb5 Rxc3 31. Rb8+ Nf8 32. Ng5 h6 33.
Nh7 Kxh7 34. Rxf8 Kg6 1/2-1/2

[Event "2. Bundesliga Ost 2007/2008"]
[Site "?"]
[Date "2008.03.16"]
[Round "11.2"]
[White "Druckenthaner, Andreas"]
[Black "Schirmbeck, Hannes"]
[Result "0-1"]
[WhiteElo "2289"]
[BlackElo "2162"]
[PlyCount "82"]
[EventDate "2007.10.20"]

1. e4 e5 2. Bc4 Nf6 3. d3 Nc6 4. Nf3 Be7 5. Nc3 d6 6. a3 O-O 7. Be3 a6 8. Qd2
Bg4 9. h3 Bd7 10. O-O Qc8 11. d4 b5 12. Be2 Re8 13. d5 Na5 14. Nh2 c6 15. Bg5
c5 16. Bxf6 Bxf6 17. Nd1 Qd8 18. Bg4 Bg5 19. Qe2 c4 20. Ne3 Nb7 21. Bxd7 Qxd7
22. Nf5 g6 23. Qg4 Qd8 24. h4 gxf5 25. exf5 h6 26. Rae1 Kh7 27. hxg5 Qxg5 28.
Qh3 Nc5 29. Re3 Rg8 30. Rg3 Qf4 31. Ng4 Ne4 32. Re1 Rxg4 33. Rxg4 Qxf2+ 34. Kh2
Qxe1 35. Qh5 Rf8 36. f6 Qe3 37. Qf5+ Kh8 38. Rxe4 Qg5 39. Qf3 Rg8 40. Re2 Qh4+
41. Kg1 Rg4 0-1

[Event "2. Bundesliga Ost 2007/2008"]
[Site "?"]
[Date "2008.03.16"]
[Round "11.2"]
[White "Sadilek, Maximilian"]
[Black "Newrkla, Katharina"]
[Result "1/2-1/2"]
[WhiteElo "2156"]
[BlackElo "2037"]
[PlyCount "99"]
[EventDate "2007.10.20"]

1. e4 c5 2. Nf3 d6 3. d4 cxd4 4. Nxd4 Nf6 5. Nc3 a6 6. Bc4 e6 7. Bb3 Be7 8. O-O
b5 9. f4 Bb7 10. f5 e5 11. Nde2 Nxe4 12. Nxe4 Bxe4 13. Ng3 Bb7 14. Nh5 Bf6 15.
Qg4 Qb6+ 16. Rf2 Nd7 17. Nxg7+ Bxg7 18. Qxg7 O-O-O 19. Bxf7 Kb8 20. Bg5 Rc8 21.
Raf1 Nc5 22. Be3 Qc7 23. Bxc5 Qxc5 24. Be6 Rcd8 25. f6 h5 26. f7 h4 27. h3 Rhf8
28. Qf6 Qd4 29. c3 Qe4 30. Qf5 Qe3 31. Kh1 Be4 32. Qg4 Bd3 33. Rf3 Qd2 34. Rg1
Be2 35. Qe4 Bxf3 36. Qxf3 d5 37. Rd1 Qf4 38. Qxf4 exf4 39. Rxd5 Rxd5 40. Bxd5
Kc7 41. b3 Kd6 42. c4 bxc4 43. Bxc4 a5 44. a4 Ke7 45. Kg1 Rd8 46. Kf2 Rd2+ 47.
Kf3 Kf8 48. Be6 Rd6 49. Bc4 Rd2 50. Be6 1/2-1/2

[Event "2. Bundesliga Ost 2007/2008"]
[Site "?"]
[Date "2008.03.16"]
[Round "11.3"]
[White "Schroll, Gerhard"]
[Black "Kleiser, Gregor"]
[Result "1-0"]
[WhiteElo "2409"]
[BlackElo "2323"]
[PlyCount "43"]
[EventDate "2007.10.20"]

1. c4 Nf6 2. Nc3 d5 3. cxd5 Nxd5 4. Nf3 g6 5. e4 Nxc3 6. dxc3 Qxd1+ 7. Kxd1 Bd7
8. Bf4 c6 9. Bc4 f6 10. e5 Bg7 11. exf6 exf6 12. Re1+ Kd8 13. Nd4 Re8 14. Rxe8+
Kxe8 15. Kc2 b5 16. Re1+ Kd8 17. Ne6+ Bxe6 18. Bxe6 g5 19. Bd6 Nd7 20. Rd1 Ke8
21. Bxd7+ Kxd7 22. Bf8+ 1-0

[Event "2. Bundesliga Ost 2007/2008"]
[Site "?"]
[Date "2008.03.16"]
[Round "11.3"]
[White "Schwaninger, Wolfgang"]
[Black "Steiner, Adam"]
[Result "1/2-1/2"]
[WhiteElo "2175"]
[BlackElo "2200"]
[PlyCount "118"]
[EventDate "2007.10.20"]

1. d4 Nf6 2. c4 g6 3. Nc3 Bg7 4. e4 d6 5. Nf3 O-O 6. h3 c5 7. d5 e6 8. Be2 exd5
9. exd5 Bf5 10. O-O Re8 11. g4 Bd7 12. Bg5 Qb6 13. Rb1 h5 14. Nh2 hxg4 15. hxg4
Na6 16. Qd2 Ne4 17. Nxe4 Rxe4 18. Bd3 Ree8 19. a3 Qb3 20. Be3 b5 21. Rfc1 bxc4
22. Bxc4 Qb7 23. Qd3 Nc7 24. b4 Qc8 25. bxc5 dxc5 26. d6 Bxg4 27. Qxg6 Be6 28.
Qg3 Bxc4 29. dxc7 Bd3 30. Ng4 Qe6 31. Rb8 c4 32. Bd4 Bg6 33. Bxg7 Kxg7 34. Rxa8
Rxa8 35. Qc3+ f6 36. Qxc4 Qxc4 37. Rxc4 Bf5 38. Ne3 Be6 39. Rb4 Rc8 40. Rb7 a6
41. f4 f5 42. Nc2 Kf7 43. Nb4 Rg8+ 44. Kf2 Bc8 45. Ra7 Ke7 46. Nd5+ Kd6 47. Nb6
Kc5 48. Nxc8 Rxc8 49. Rxa6 Rxc7 50. Ra5+ Kd4 51. Rxf5 Ke4 52. Rf8 Rc3 53. a4
Ra3 54. Ra8 Kxf4 55. Ke2 Ke5 56. Kd2 Kd6 57. Kc2 Kc7 58. Kb2 Kb7 59. Ra5 Rh3
1/2-1/2

[Event "2. Bundesliga Ost 2007/2008"]
[Site "?"]
[Date "2008.03.16"]
[Round "11.3"]
[White "Dimitrov, Philip"]
[Black "Wiedner, Robert"]
[Result "0-1"]
[WhiteElo "1962"]
[BlackElo "2197"]
[PlyCount "70"]
[EventDate "2007.10.20"]

1. e4 Nf6 2. e5 Nd5 3. d4 d6 4. exd6 cxd6 5. Nf3 Nc7 6. Bd3 Bg4 7. O-O Nc6 8.
c3 g6 9. h3 Bxf3 10. Qxf3 Bg7 11. Nd2 O-O 12. Nc4 d5 13. Ne3 e5 14. dxe5 Nxe5
15. Qe2 Ne6 16. Ng4 Nxd3 17. Qxd3 h5 18. Nh2 d4 19. cxd4 Qxd4 20. Qa3 Rfc8 21.
Nf3 Qc5 22. Qb3 b5 23. Be3 Qc4 24. Rfc1 Qxb3 25. Rxc8+ Rxc8 26. axb3 Rc2 27.
Ra5 a6 28. Rxa6 Rxb2 29. Nd2 Bc3 30. Ne4 Be5 31. Nd2 Bc3 32. Ne4 Rb1+ 33. Kh2
Be5+ 34. g3 Rxb3 35. h4 Rb4 0-1

[Event "2. Bundesliga Ost 2007/2008"]
[Site "?"]
[Date "2008.03.16"]
[Round "11.4"]
[White "Videki, Sandor"]
[Black "Pinter, Erik"]
[Result "1/2-1/2"]
[WhiteElo "2420"]
[BlackElo "2389"]
[PlyCount "79"]
[EventDate "2007.10.20"]

1. c4 g6 2. e4 c5 3. Nf3 Nc6 4. d4 cxd4 5. Nxd4 Bg7 6. Be3 Nf6 7. Nc3 O-O 8.
Be2 b6 9. Qd2 Bb7 10. f3 e6 11. Ndb5 d5 12. exd5 exd5 13. Nxd5 Nxd5 14. cxd5
Ne7 15. d6 Nd5 16. Bg5 Bf6 17. Bxf6 Qxf6 18. O-O a6 19. Nc7 Rad8 20. Nxd5 Qxd6
21. Rfd1 Qxd5 22. Qxd5 Rxd5 23. Bc4 Rxd1+ 24. Rxd1 Rc8 25. Bb3 Bc6 26. Rd6 Kf8
27. Rf6 Rc7 28. Kf2 a5 29. a4 b5 30. axb5 Bxb5 31. Rb6 Bd7 32. Ke3 a4 33. Bd5
a3 34. bxa3 Rc3+ 35. Kd4 Rxa3 36. Rb7 Be8 37. Rb8 Ke7 38. Rb7+ Kf8 39. Rb6 Ke7
40. Rb7+ 1/2-1/2

[Event "2. Bundesliga Ost 2007/2008"]
[Site "?"]
[Date "2008.03.16"]
[Round "11.4"]
[White "Vlcek, Stanislav"]
[Black "Ganaus, Hannes"]
[Result "1/2-1/2"]
[WhiteElo "2322"]
[BlackElo "2294"]
[PlyCount "34"]
[EventDate "2007.10.20"]

1. e4 e6 2. d3 d5 3. Qe2 dxe4 4. dxe4 b6 5. Nf3 Ba6 6. c4 Nc6 7. Nc3 Bb4 8. Qc2
Bb7 9. Be3 Qf6 10. Bd3 Bxc3+ 11. bxc3 e5 12. c5 h6 13. O-O Nge7 14. Nd2 g5 15.
Rfd1 O-O 16. Nc4 Nd8 17. a4 Ne6 1/2-1/2

[Event "2. Bundesliga Ost 2007/2008"]
[Site "?"]
[Date "2008.03.16"]
[Round "11.4"]
[White "Koffler, Daniel"]
[Black "Weissenbeck, Manuel"]
[Result "1/2-1/2"]
[WhiteElo "2213"]
[BlackElo "2264"]
[PlyCount "21"]
[EventDate "2007.10.20"]

1. e4 e5 2. Nf3 d6 3. d4 exd4 4. Nxd4 Nf6 5. Nc3 Be7 6. Bf4 O-O 7. Qd2 Nc6 8.
O-O-O Nxd4 9. Qxd4 Be6 10. f3 a6 11. g4 1/2-1/2

[Event "2. Bundesliga Ost 2007/2008"]
[Site "?"]
[Date "2008.03.16"]
[Round "11.4"]
[White "Pichler, Michael"]
[Black "Bachofner, Christian"]
[Result "1/2-1/2"]
[WhiteElo "2170"]
[BlackElo "2098"]
[PlyCount "73"]
[EventDate "2007.10.20"]

1. e4 c5 2. c3 Nf6 3. e5 Nd5 4. Nf3 e6 5. Bc4 Nb6 6. Bb3 Nc6 7. O-O d5 8. exd6
Bxd6 9. d4 Qc7 10. Nbd2 cxd4 11. cxd4 h6 12. Ne4 Be7 13. Bd2 O-O 14. Rc1 Rd8
15. Bc3 Nd5 16. Re1 Bd7 17. Ng3 Nxc3 18. bxc3 Na5 19. Ne5 b5 20. Qg4 Nxb3 21.
axb3 f5 22. Qe2 Bg5 23. Ra1 Re8 24. Ra2 Bf6 25. Nh5 Qb7 26. Rea1 Re7 27. Qf3
Qb8 28. Nf4 Bxe5 29. dxe5 Bc8 30. Qe3 Qc7 31. h4 a6 32. Rd1 Bb7 33. Rd6 Rc8 34.
Rc2 Qc5 35. Rd4 a5 36. f3 Qa3 37. c4 1/2-1/2

[Event "2. Bundesliga Ost 2007/2008"]
[Site "?"]
[Date "2008.03.16"]
[Round "11.4"]
[White "Steinert, Martin"]
[Black "Hechl, Gerald"]
[Result "0-1"]
[WhiteElo "2046"]
[BlackElo "2197"]
[PlyCount "54"]
[EventDate "2007.10.20"]

1. e4 c5 2. Nf3 b6 3. d4 cxd4 4. Nxd4 Bb7 5. Bd3 e6 6. O-O d6 7. Nc3 Nd7 8. f4
a6 9. Qe2 g6 10. f5 Bg7 11. Qf2 gxf5 12. exf5 e5 13. Qg3 Ngf6 14. Ne6 fxe6 15.
fxe6 Qe7 16. exd7+ Kxd7 17. Bg5 Kc7 18. Qh4 Raf8 19. Bxa6 Ba8 20. Qb4 Qe6 21.
Rad1 d5 22. Nb5+ Kd7 23. Qc3 Bc6 24. Rfe1 Ne8 25. Nd4 exd4 26. Rxe6 dxc3 27.
Re7+ Kd6 0-1

[Event "2. Bundesliga Ost 2007/2008"]
[Site "?"]
[Date "2008.03.16"]
[Round "11.5"]
[White "Loeffler, Stefan"]
[Black "Pachta, Paul"]
[Result "1/2-1/2"]
[WhiteElo "2409"]
[BlackElo "2288"]
[PlyCount "20"]
[EventDate "2007.10.20"]

1. Nf3 Nf6 2. c4 e6 3. g3 d5 4. d4 c6 5. Nbd2 Bd6 6. Bg2 O-O 7. O-O Nbd7 8. Qc2
Re8 9. Rd1 Qe7 10. b3 e5 1/2-1/2

[Event "2. Bundesliga Ost 2007/2008"]
[Site "?"]
[Date "2008.03.16"]
[Round "11.6"]
[White "Varga, Zoltan"]
[Black "Vyskocil, Neklan"]
[Result "1/2-1/2"]
[WhiteElo "2506"]
[BlackElo "2308"]
[PlyCount "67"]
[EventDate "2007.10.20"]

1. e4 c5 2. Nf3 d6 3. d4 Nf6 4. dxc5 Nxe4 5. cxd6 e6 6. Nbd2 Nxd6 7. Nc4 Nxc4
8. Qxd8+ Kxd8 9. Bxc4 Bd6 10. Be3 Ke7 11. O-O-O Nc6 12. Ng5 Ne5 13. Be2 f6 14.
Ne4 Bc7 15. Bc5+ Kf7 16. f4 Nc6 17. Nd6+ Bxd6 18. Rxd6 e5 19. Bh5+ g6 20. Bf3
exf4 21. Bd5+ Kg7 22. Bxc6 bxc6 23. Re1 Rf8 24. Bd4 Rf7 25. Rxf6 Rxf6 26. Re7+
Kh6 27. Bxf6 Bf5 28. h4 Kh5 29. Rxh7+ Kg4 30. Bg5 Re8 31. Rxa7 Re2 32. Ra4
Rxc2+ 33. Kd1 Rxb2 34. Rxf4+ 1/2-1/2

[Event "2. Bundesliga Ost 2007/2008"]
[Site "?"]
[Date "2008.03.16"]
[Round "11.6"]
[White "Mlynek, Petr"]
[Black "Hagara, Eduard"]
[Result "1/2-1/2"]
[WhiteElo "2210"]
[BlackElo "2372"]
[PlyCount "116"]
[EventDate "2007.10.20"]

1. d4 Nf6 2. c4 g6 3. Nf3 Bg7 4. g3 O-O 5. Bg2 d6 6. O-O Nbd7 7. Nc3 e5 8. e4
a6 9. Re1 exd4 10. Nxd4 Ng4 11. h3 Qf6 12. hxg4 Qxd4 13. Qxd4 Bxd4 14. Nd5 c6
15. Ne7+ Kg7 16. Nxc8 Raxc8 17. Bf4 Ne5 18. Rad1 c5 19. Bxe5+ dxe5 20. Rd2 b5
21. Bf1 b4 22. Be2 a5 23. Bd1 Kf6 24. Kg2 Kg5 25. Ba4 Rc7 26. Rh1 h6 27. f3 Rd8
28. Rf1 Kf6 29. Rh1 Rcc8 30. Rhd1 Rd6 31. f4 Rcd8 32. Kf3 Ke7 33. Rh1 exf4 34.
gxf4 g5 35. e5 Re6 36. f5 Rxe5 37. Rxh6 Re3+ 38. Kg2 Re4 39. Kh3 Be5 40. f6+
Bxf6 41. Rxd8 Kxd8 42. Rxf6 Ke7 43. Rf5 Re3+ 44. Kg2 Re2+ 45. Rf2 Re4 46. Kg3
Rxc4 47. Rc2 Rd4 48. Rxc5 Rd3+ 49. Kf2 Rd2+ 50. Ke3 Rxb2 51. Rc2 Rb1 52. Ke4
Rf1 53. Kd5 f5 54. gxf5 Rxf5+ 55. Kc6 g4 56. Kb6 g3 57. Bb5 Rf3 58. Kxa5 b3
1/2-1/2

[Event "2. Bundesliga Ost 2007/2008"]
[Site "?"]
[Date "2008.03.16"]
[Round "11.6"]
[White "Vass, Frantisek"]
[Black "Wagner, Stefan"]
[Result "1-0"]
[WhiteElo "2417"]
[BlackElo "2103"]
[PlyCount "79"]
[EventDate "2007.10.20"]

1. d4 d5 2. Nf3 Nf6 3. Bg5 e6 4. Nbd2 Be7 5. e3 O-O 6. Bd3 b6 7. Ne5 Bb7 8. Qf3
Nbd7 9. Nxd7 Qxd7 10. O-O-O a5 11. h4 Ba6 12. Bxa6 Rxa6 13. h5 Ne8 14. Bxe7
Qxe7 15. h6 g6 16. e4 c6 17. c4 Nf6 18. exd5 cxd5 19. Kb1 dxc4 20. Nxc4 b5 21.
Ne3 Rd6 22. Rhe1 Qd8 23. Qf4 Nd5 24. Qe5 f6 25. Qe4 Re8 26. Qd3 Qd7 27. Ng4 a4
28. Qf3 Qe7 29. Rc1 b4 30. Rc5 f5 31. Ne3 Nxe3 32. fxe3 Qg5 33. Rh1 Qe7 34. Qf4
Red8 35. Rhc1 b3 36. Qe5 bxa2+ 37. Ka1 a3 38. bxa3 R6d7 39. Rc8 Rb7 40. Rxd8+
1-0

[Event "2. Bundesliga Ost 2007/2008"]
[Site "?"]
[Date "2008.03.16"]
[Round "11.6"]
[White "Vykydal, Frantisek"]
[Black "Vavrak, Peter"]
[Result "1-0"]
[WhiteElo "2238"]
[BlackElo "2454"]
[PlyCount "67"]
[EventDate "2007.10.20"]

1. e4 c5 2. Nc3 Nc6 3. g3 g6 4. Bg2 Bg7 5. d3 d6 6. Be3 Nf6 7. h3 e5 8. Qd2 O-O
9. Bh6 Nh5 10. Bxg7 Nxg7 11. Nge2 Be6 12. O-O Nd4 13. f4 Rc8 14. Rf2 Qb6 15.
Nd1 Nxe2+ 16. Qxe2 exf4 17. gxf4 f5 18. c4 Qd8 19. Ne3 Qh4 20. e5 dxe5 21. fxe5
f4 22. Ng4 Bxg4 23. Qxg4 Qe7 24. Rxf4 Qxe5 25. Raf1 Rf5 26. Be4 h5 27. Qf3 Rg5+
28. Kh1 Ne6 29. Bd5 Kg7 30. Re4 Rf8 31. Qxf8+ Nxf8 32. Rxe5 Rxe5 33. Rf7+ Kg8
34. Re7+ 1-0

[Event "2. Bundesliga Ost 2007/2008"]
[Site "?"]
[Date "2008.03.16"]
[Round "11.6"]
[White "Ranits, Franz"]
[Black "Janetschek, Karl"]
[Result "1/2-1/2"]
[WhiteElo "2214"]
[BlackElo "2256"]
[PlyCount "69"]
[EventDate "2007.10.20"]

1. e4 c5 2. c3 Nf6 3. e5 Nd5 4. d4 cxd4 5. cxd4 e6 6. Nf3 b6 7. Nbd2 Bb7 8. Ne4
Ne3 9. fxe3 Bxe4 10. Be2 Bb4+ 11. Bd2 Bxd2+ 12. Qxd2 O-O 13. O-O Nc6 14. Qe1 f6
15. Qh4 Bxf3 16. Bd3 f5 17. Qxd8 Raxd8 18. Rxf3 f4 19. Rxf4 Rxf4 20. exf4 Nxd4
21. Rd1 h6 22. Bc4 Nc6 23. Bb5 Nb8 24. Rc1 a6 25. Ba4 Kf8 26. Kf2 Nc6 27. Ke3
Ke7 28. a3 b5 29. Bd1 g5 30. g3 gxf4+ 31. gxf4 Rg8 32. b4 Rg1 33. Kf2 Rh1 34.
Kg2 Re1 35. Kf2 1/2-1/2

[Event "2. Bundesliga Ost 2007/2008"]
[Site "?"]
[Date "2008.03.16"]
[Round "11.6"]
[White "Lipp, Alfred"]
[Black "Stranz, Richard"]
[Result "0-1"]
[WhiteElo "2144"]
[BlackElo "2226"]
[PlyCount "110"]
[EventDate "2007.10.20"]

1. c4 e5 2. Nc3 Bb4 3. g3 Bxc3 4. bxc3 d6 5. Bg2 Nd7 6. Rb1 Rb8 7. d3 Ne7 8.
Nf3 O-O 9. O-O Ng6 10. e4 Nc5 11. Ng5 h6 12. d4 hxg5 13. dxc5 dxc5 14. Qxd8
Rxd8 15. Bxg5 f6 16. Be3 Be6 17. Bxc5 b6 18. Be3 Bxc4 19. Rfc1 a5 20. a3 Ne7
21. h4 Nc8 22. Rb2 Nd6 23. Rd2 a4 24. f3 Nb5 25. Bf1 Bxf1 26. Kxf1 Rxd2 27.
Bxd2 Nxa3 28. c4 b5 29. cxb5 Nxb5 30. Ra1 Ra8 31. Be3 a3 32. Ke2 Nd4+ 33. Bxd4
exd4 34. Kd3 c5 35. Kc4 a2 36. f4 Ra5 37. g4 Kf7 38. h5 Ke7 39. g5 fxg5 40.
fxg5 Kd6 41. h6 gxh6 42. gxh6 Ra3 43. Kb5 Ke5 44. Kxc5 Kxe4 45. h7 Rc3+ 46. Kb4
Rh3 47. Rxa2 Rxh7 48. Kb3 Kd3 49. Rg2 Rb7+ 50. Ka2 Kc3 51. Rh2 d3 52. Rh8 Kc2
53. Rc8+ Kd1 54. Rd8 d2 55. Rd6 Re7 0-1